000
00301nam a2200121Ia 4500
008
190216s9999||||xx |||||||||||||| ||und||
100
_a
Liptrot
245
0
_a
Modern Inorganic Chemistry
260
_b
English Language Book Society
_c
1983
300
_a
472p
650
_a
Chemistry-Chemistry
942
_c
BK
999
_c
2594
_d
2594